| 000 | 01132cam a2200217 4500 | ||
|---|---|---|---|
| 001 | WB@3612-168 | ||
| 008 | 040706n2004 000 0 eng u | ||
| 035 | _a(Sirsi) u126717 | ||
| 245 | _a50 centres retail rents | ||
| 260 | _c2004 | ||
| 490 |
_aJones Lang Lasalle 50 Centres Retail Rents _vMay 2004 28 June 2004 (8) |
||
| 520 | _aThe latest Jones Lang LaSalle "50 centres retail rents" covering the six months to April 2004 has been published. The report provides comparisons of the top retail rents achieved and rental levels currently achievable in the major towns and cities in England, Wales and Scotland. Significant findings this period are that 1.1% rental growth was recorded, with the highest growth being in Leeds where prime zone A rents increased by 14.7%. The full report can be found at http://www.joneslanglasalle.co.uk/50_centres/50_ce ntres_2004.htm. | ||
| 590 | _aWB | ||
| 590 | _aWB | ||
| 650 | _aPROPERTY-COMMERCIAL PROPERTY-RETAIL PROPERTY-RETAIL PROPERTY MARKET | ||
| 650 | _aRETAIL RENTS | ||
| 650 | _aRANKINGS | ||
| 650 | _aPRIME RENTS | ||
| 690 | _aCOMMERCIAL PROPERTY-MARKET | ||
| 942 | _n0 | ||
| 999 |
_c117654 _d117654 |
||